000 00282nam a22001337a 4500
008 170818b xxu||||| |||| 00| 0 eng d
020 _a9781894893619
041 _aeng
080 _a51
100 _a37
101 _aMAT
245 _aLEARNING MAT 6
_cFYVIE.E
942 _2udc
_cBK
999 _c24038
_d24038